000 00810nam0a22002411 4500
001 rc\3376823
005 20260407095857.0
021 _aRU
_bРг3878-73
035 _a(NLR Aleph) 007450368
090 _a7209247
_c7209247
100 _a20130115d1972 |||y0rusy50 ca
101 0 _arus
102 _aRU
105 _aa b |||||
200 1 _aАбразивный инструмент
_e[Каталог
_fВсесоюз. науч.-исслед. ин-т абразивов и шлифования
210 _aМосква
_cБ. и.
_d1972]
215 _a[1], 25 с.
_cил.
_d22
712 0 2 _aВНИИ абразивов и шлифования
_cЛенинград
_3RU\NLR\AUTH\889925506
_9346806
801 0 _aRU
_bNLR
_gpsbo
801 1 _aRU
_bELAR
_2rusmarc
852 _aNLR
_bСВТЛ
942 _cBOOK
980 _aNB